| 000 | 00000nam##2200000za#4500 |
| 001 | 9.605284 |
| 003 | CaOODSP |
| 005 | 20240206145613 |
| 007 | cr ||||||||||| |
| 008 | 150406|2009||||xxc|||||o f|0| 0 fre|d |
| 040 | |aCaOODSP|bfre |
| 043 | |an-cn--- |
| 086 | 1 |aTU3-6/09-92F-PDF |
| 110 | 2 |aBureau de la sécurité des transports du Canada. |
| 245 | 10|aDéraillement en voie principale - du train numéro M36231-20 exploité par le Canadien National au point milliaire 247,20 de la subdivision Kingston à Brighton (Ontario), le 21 mars 2009 |h[ressource électronique] |
| 260 | |aOttawa - Ontario : |bBureau de la sécurité des transports du Canada |c[2009]. |
| 300 | |a32p.|bfigures, références |
| 490 | 1 |aRapport d'enquête sur un accident ferroviaire |vR09T0092 |
| 590 | |a13-09-Supp|b2013-04-04 |
| 775 | 08|tMain-track train derailment - Canadian National Train Number M36231-20 Mile 247.20, Kingston Subdivision Brighton, Ontario, 21 March 2009 |w(CaOODSP)9.575895 |
| 830 | #0|aRapport d'enquête sur un accident ferroviaire ;|vR09T0092|w(CaOODSP)9.501252 |
| 856 | 40|ahttp://publications.gc.ca|qPDF|s828 Ko|uhttps://publications.gc.ca/collections/collection_2013/bst-tsb/TU3-6-09-92-fra.pdf|yR09T0092 |